ห้องสมุด วิทยาลัยพยาบาลบรมราชชนนี อุดรธานี
Boromarajonani College of Nursing, Udonthani
เปลี่ยนเป็นภาษาไทย

Change to English
 แสดงรายละเอียดบรรณานุกรม
  กลับหน้าหลัก

Brief Record : Get Marc (ISO 2709) : E-mail record : QR code ปิดหน้าต่าง
หนังสืออ้างอิง : เกี่ยวกับ Collections
mysqli: Table './ulib2015/stat_globaluid' is marked as crashed and last (automatic?) repair failed
select id from stat_globaluid where statuid='20260418045333_751' 
mysqli: Table './ulib2015/stat_globaluid' is marked as crashed and last (automatic?) repair failed
DELETE FROM stat_globaluid
			WHERE id NOT IN (
			  SELECT id
			  FROM (
				SELECT id
				FROM stat_globaluid
				ORDER BY id DESC
				LIMIT 100
			  ) foo
			); 
mysqli: Table './ulib2015/stat_globaluid' is marked as crashed and last (automatic?) repair failed
insert into stat_globaluid set
		statuid='20260418045333_751',
		dt='1776462813',
		phpself='/ULIB/dublinfull.php',
		agent='Mozilla/5.0 AppleWebKit/537.36 (KHTML, like Gecko; compatible; ClaudeBot/1.0; +claudebot@anthropic.com)',
		yea='2026',
		mon='4',
		dat='18',
		ip='216.73.217.113'
		
		
LEADER 00674nam 2200229 a 4500
001    11716
003     ULIBM
008    120711s2549 th m a001 0 tha d
020    ^a974-723-176-2
050  4 ^aWB200^bจ483ท 2549
245 10 ^aทักษะทางคลินิก : Clinical Skills/^cจินตนา ศิรินาวิน
250    ^aพิมพ์ครั้งที่ 2.
260    ^aกรุงเทพฯ:^bหมอชาวบ้าน,^c2549
300    ^a 432 หน้า.
650  7 ^aทักษะทางคลินิก
945    ^p0^l0^i23458
945    ^p0^l0^i23462
999     ^aลิขิตลักษณ์
รายการนี้ยังไม่มีแท็ก
คุณยังไม่ได้ล็อกอิน คุณสามารถมีกิจกรรมร่วมกับเว็บไซต์ได้ แต่ต้องล็อกอินก่อน ::
  ล็อกอิน
ลำดับที่ ประเภท เลขเรียก/บาร์โค้ด สถานที่ สถานะ
1. หนังสือการพยาบาล
หนังสือการพยาบาล
WB200 จ483ท 2549  
  Barcode: 23458
หนังสือทั่วไป On Shelf
2. หนังสือการพยาบาล
หนังสือการพยาบาล
WB200 จ483ท 2549 ฉ.5 
  Barcode: 23462
หนังสือทั่วไป On Shelf
   [แสดง 2/2 รายการ]

mysqli: Can't create/write to file '/var/tmp/#sql_59d_0.MAI' (Errcode: 2)
select * from index_db where titl like '%ทักษะทางคลินิก : Clinical Skills/ จินตนา  ศิรินาวิน%' and mid<>'11716'  order by rand() limit 3
mysqli: Can't create/write to file '/var/tmp/#sql_59d_0.MAI' (Errcode: 2)
select * from index_db where subj like '%ทักษะทางคลินิก%' and mid<>'11716'  order by rand() limit 3

BibComment


ยังไม่เคยถูกคอมเมนท์

คอมเมนท์ทรัพยากรรายการนี้
  คอมเมนท์: ทักษะทางคลินิก ..
Bib 11716

 
 
 

 Union Library Management : ULibM
Copyright 2026. All Rights Reserved.